| 000 | 00692nam a2200181 a 4500 | ||
|---|---|---|---|
| 008 | 080916s2000 ||||||||||||||||| || u | ||
| 020 | _a8174090630 | ||
| 050 | _aTS 183 Rao | ||
| 100 | _aRao, Varaprasada K | ||
| 245 | 1 | 0 |
_aAdvanced manufacturing technology. _cK. Varaprasada Rao |
| 260 |
_aDelhi _bKhanna Publishers _c2000 |
||
| 300 | _aviii, 215p.: ill. | ||
| 350 | _a6000.00 | ||
| 650 | _aMANUFACTURING | ||
| 650 | _aMANUFACTURING PROCESSESS--AUTOMATION | ||
| 650 | _aCOMPUTER INTEGRATED MANUFATCURING SYSTEMS | ||
| 995 |
_D6000.00 _FCBU-MAIN LIBRARY (Kitwe) _H1 _I0.00 _M1 _UAVAILABLE _WSep 16, 2008 _ZMain Library Open Access Collection |
||
| 999 |
_c33568 _d33568 |
||